[Event "GRE-chT Online Rapid op 1st"]
[Site "Tornelo INT"]
[Date "2021.02.21"]
[Round "9.24"]
[White "Tzamtzis, Konstantinos"]
[Black "Iakovidis, Orestis Marios"]
[Result "0-1"]
[WhiteElo "1763"]
[BlackElo "1350"]
[PlyCount "108"]
[EventDate "2021.02.20"]
[EventType "team-swiss (rapid)"]
[EventRounds "9"]
[EventCountry "GRE"]
[SourceTitle "EXT 2023"]
[Source "ChessBase"]
[SourceDate "2022.10.05"]
[SourceVersion "1"]
[SourceVersionDate "2022.10.05"]
[SourceQuality "1"]

1. e4 e6 2. d4 d5 3. Nc3 Bb4 4. e5 c5 5. dxc5 Bxc5 6. Qg4 Kf8 7. Nf3 Nc6 8. Bd3 Qc7 9. Qg3 Nge7 10. 0-0 Ng6 11. Re1 b6 12. h4 Bb7 13. h5 Nge7 14. h6 g6 15. Qf4 Nf5 16. g4 Nfd4 17. Nxd4 Nxd4 18. Be3 Nc6 19. Nb5 Qe7 20. Bxc5 bxc5 21. Nd6 c4 22. Bf1 Rg8 23. g5 Rd8 24. c3 Ba6 25. Qg3 Nxe5 26. Rxe5 Qxd6 27. Rae1 Bc8 28. Bg2 Qc6 29. Qe3 a6 30. Qd4 Rd7 31. R5e3 Ke8 32. Rd1 Bb7 33. Qa7 Kd8 34. Qd4 Kc8 35. Rde1 Re7 36. Qf6 Qd6 37. Qd4 Kb8 38. Qf6 Bc6 39. Rd1 Rge8 40. Re4 Qc7 41. Re5 Qb7 42. Qg7 f5 43. gxf6 Rxg7 44. hxg7 Qf7 45. Rde1 Bd7 46. Bxd5 exd5 47. Re7 Rxe7 48. Rxe7 Be6 49. Rxf7 Bxf7 50. Kg2 Kc7 51. Kg3 Kd6 52. Kg4 h6 53. f4 Ke6 54. f5+ gxf5+ 0-1

[Event "Thessaloniki-Chalkidiki-chT B local"]
[Site "Thessaloniki"]
[Date "2019.03.03"]
[Round "7.8"]
[White "Vafeiadakis, Konstantinos"]
[Black "Iakovidis, Orestis Marios"]
[Result "0-1"]
[WhiteElo "1139"]
[BlackElo "1269"]
[PlyCount "118"]
[EventDate "2019.01.13"]
[EventType "team-swiss"]
[EventRounds "9"]
[EventCountry "GRE"]
[SourceTitle "EXT 2020"]
[Source "ChessBase"]
[SourceDate "2019.10.17"]
[SourceVersion "1"]
[SourceVersionDate "2019.10.17"]
[SourceQuality "1"]

1. e4 e6 2. d4 d5 3. e5 c5 4. c3 Nc6 5. Nf3 Qb6 6. Be2 Bd7 7. 0-0 Nge7 8. Na3 Ng6 9. Nc2 Be7 10. Rb1 cxd4 11. cxd4 0-0 12. Bd2 f6 13. exf6 Bxf6 14. Bg5 Bxg5 15. Nxg5 h6 16. Bd3 Nf4 17. Nf3 Nxd3 18. Qxd3 Ne7 19. Rfe1 Rae8 20. Ne5 Bb5 21. Qh3 Nf5 22. Qg4 Qd6 23. Ne3 Ne7 24. Qg3 Kh7 25. Rbc1 Rd8 26. b3 Nc6 27. Qg6+ Kg8 28. N3g4 Nxe5 29. Rxe5 Be8 30. Nxh6+ Kh8 31. Nf7+ Rxf7 32. Rxe6 Qf4 33. Rf1 Bb5 34. g3 Qf5 35. Qxf5 Rxf5 36. Rc1 Rf7 37. h4 Rdd7 38. a4 Ba6 39. Re5 b6 40. h5 Rf3 41. Re3 Rdf7 42. Rc2 R3f5 43. Re5 Rf3 44. Re3 R3f6 45. f4 Rh6 46. Re5 Rd7 47. Kh2 Bd3 48. Rd2 Be4 49. Kh3 Rc6 50. b4 Rc4 51. a5 b5 52. g4 Rxb4 53. g5 Rb3+ 54. Kh4 Rd8 55. f5 Rf3 56. h6 gxh6 57. gxh6 Rg8 58. Re7 Bxf5 59. Rde2 Rh3# 0-1

[Event "GRE-chT U16 9th"]
[Site "Thessaloniki"]
[Date "2016.12.18"]
[Round "6.4"]
[White "Iakovidis, Orestis Marios"]
[Black "Sklavounou, Iliana"]
[Result "0-1"]
[WhiteElo "1213"]
[BlackElo "1113"]
[PlyCount "60"]
[EventDate "2016.12.15"]
[EventType "team-swiss"]
[EventRounds "6"]
[EventCountry "GRE"]
[SourceTitle "CBM 176 Extra"]
[Source "ChessBase"]
[SourceDate "2017.03.02"]
[SourceVersion "1"]
[SourceVersionDate "2017.03.02"]
[SourceQuality "1"]
[WhiteTeam "Polichnis"]
[BlackTeam "Kerkiras"]
[WhiteTeamCountry "GRE"]
[BlackTeamCountry "GRE"]

1. e4 e5 2. Nf3 Nf6 3. Nc3 Nc6 4. Bc4 Nxe4 5. Nxe4 d5 6. Bxd5 Qxd5 7. Nc3 Qd8 8. 0-0 Bg4 9. h3 Bh5 10. Re1 Bd6 11. d3 Nd4 12. g4 Nxf3+ 13. Qxf3 Bg6 14. Qxb7 0-0 15. Be3 a6 16. Rac1 Kh8 17. Qc6 f5 18. Qf3 fxg4 19. Qxg4 Bf5 20. Qg2 Qd7 21. d4 Bxh3 22. Qe4 Rf6 23. Qxa8+ Bf8 24. Ne2 c6 25. dxe5 Qd5 26. f3 Qxf3 27. Nf4 Rxf4 28. Re2 Qxe2 29. Qxc6 Qxe3+ 30. Kh1 Qxc1+ 0-1

[Event "GRE-chT U16 9th"]
[Site "Thessaloniki"]
[Date "2016.12.16"]
[Round "3.4"]
[White "Kafantaris, Pavlos"]
[Black "Iakovidis, Orestis Marios"]
[Result "1-0"]
[WhiteElo "1184"]
[BlackElo "1213"]
[PlyCount "73"]
[EventDate "2016.12.15"]
[EventType "team-swiss"]
[EventRounds "6"]
[EventCountry "GRE"]
[SourceTitle "CBM 176 Extra"]
[Source "ChessBase"]
[SourceDate "2017.03.02"]
[SourceVersion "1"]
[SourceVersionDate "2017.03.02"]
[SourceQuality "1"]
[WhiteTeam "Triandrias"]
[BlackTeam "Polichnis"]
[WhiteTeamCountry "GRE"]
[BlackTeamCountry "GRE"]

1. e4 e5 2. Nf3 Nc6 3. d4 exd4 4. Nxd4 Nxd4 5. Qxd4 Nf6 6. Nc3 b6 7. Bc4 Bc5 8. Qd3 0-0 9. f3 Bb7 10. Be3 Bxe3 11. Qxe3 d5 12. 0-0-0 Re8 13. Qf2 c6 14. exd5 cxd5 15. Bb5 Re7 16. Qd4 Rc8 17. Rhe1 Rxe1 18. Rxe1 a6 19. Bd3 Qd6 20. g3 Nd7 21. a3 Qh6+ 22. Kd1 Rf8 23. Nxd5 Qxh2 24. Ne7+ Kh8 25. Qxd7 Bxf3+ 26. Be2 Qxg3 27. Bxf3 Qxf3+ 28. Kc1 Qf2 29. Rd1 Qf4+ 30. Kb1 Qb8 31. Qd3 Qa8 32. Qd4 b5 33. Nf5 f6 34. Rg1 Rd8 35. Qg4 Rd7 36. Nxg7 Qd5 37. Ne8 1-0